| 000 | 00540nam a2200181 a 4500 | ||
|---|---|---|---|
| 001 | 000014118 | ||
| 005 | 20240412074240.0 | ||
| 008 | 091204s1949 dr 001 p spa d | ||
| 040 |
_aDO-SdBNP _bspa _cBNPHU |
||
| 082 |
_aRD861.44 _bV635i |
||
| 100 | 1 |
_aVicioso V., A. Felino _924315 |
|
| 245 | 1 | 0 |
_aIris : _bpoesía / _cA. Felino Vicioso V. |
| 260 |
_aCiudad Trujillo, República Dominicana : _bMontalvo, _c1949. |
||
| 300 |
_a175 p. ; _c23 cm. |
||
| 650 | 0 |
_aPoesía dominicana _966 |
|
| 650 | 0 |
_aLiteratura dominicana. _967 |
|
| 049 | _aBNPD | ||
| 999 |
_c13720 _d13720 |
||